000 00895nam a22002777a 4500
001 3990
003 FISKH
005 20240529120423.0
008 240529b cb ||||| |||| 00| 0 eng d
020 _a9780545299817
040 _aFISKH
_beng
_cFISKH
_dFISKH
050 _aPZ7.P7493
082 _a813.6
100 _aPoblocki Dan
_d1977-
245 _aThe mysterious four /
_bClocks and robbers
_cby Dan Poblocki
260 _aNew York :
_bScholastic,
_c2011
300 _a186 pages :
_c20 cm
490 _v#2
505 _aM
520 _aReaders are challenged to unravel the clues along with Viola, Sylvester, Rosie, and Woodrow, who are in pursuit of a treasure hinted at by the Masonic glyphs decorating Moon Hollow's town library.
521 8 _a730
_bLexile
521 8 _aM
_bRaz-Plus
700 _aDan Poblocki
942 _2ddc
_cBK
_n0
999 _c3990
_d3990